The politics of Committee chairs assignment in Ireland and Spain (Record no. 511004)

000 -LEADER
fixed length control field 00519nam a2200169 4500
008 - FIXED-LENGTH DATA ELEMENTS--GENERAL INFORMATION
fixed length control field 190906b ||||| |||| 00| 0 eng d
100 ## - MAIN ENTRY--PERSONAL NAME
Personal name Fernandes, Jorge M.
245 ## - TITLE STATEMENT
Title The politics of Committee chairs assignment in Ireland and Spain
260 ## - PUBLICATION, DISTRIBUTION, ETC. (IMPRINT)
Date of publication, distribution, etc 2019
300 ## - PHYSICAL DESCRIPTION
Extent p.182-201.
650 ## - SUBJECT ADDED ENTRY--TOPICAL TERM
Topical term or geographic name as entry element Legislative committees - Spain
9 (RLIN) 9917
700 ## - ADDED ENTRY--PERSONAL NAME
Personal name Riera, Pedro
9 (RLIN) 9918
700 ## - ADDED ENTRY--PERSONAL NAME
Personal name Cantu, Francisco
9 (RLIN) 9919
773 ## - HOST ITEM ENTRY
Main entry heading Parliamentary Affairs
906 ## - LOCAL DATA ELEMENT F, LDF (RLIN)
Subject DIP Legislative committees - Ireland
942 ## - ADDED ENTRY ELEMENTS (KOHA)
Source of classification or shelving scheme
Item type Articles
Holdings
Withdrawn status Lost status Source of classification or shelving scheme Damaged status Not for loan Permanent location Current location Date acquired Serial Enumeration / chronology Barcode Date last seen Koha item type
          Indian Institute of Public Administration Indian Institute of Public Administration 2019-09-06 72(1), Jan, 2019: p.182-201. AR120804 2019-09-06 Articles

Powered by Koha